| Поле | Инд. | ПП | Название | Значение |
|---|---|---|---|---|
| Тип записи | a | |||
| Библиографический уровень | b | |||
| 001 | Контрольный номер | RU/IS/BASE/224347606 | ||
| 005 | Дата корректировки | 20200529173525.2 | ||
| 008 | Кодируемые данные | 20070209 | ||
| 040 | b | Код языка каталог. | rus | |
| e | Правила каталог. | PSBO | ||
| 041 | 0_ | a | Код языка текста | rus |
| 084 | a | Индекс другой классификации/Индекс ББК | 63.3(2)631-284.1; 74.24; 74.03(2)6 | |
| 100 | 1_ | a | Автор | Фуксон Л. М. |
| q | Полное имя | Фуксон Лазарь Моисеевич | ||
| 245 | 10 | a | Заглавие | Создание сети школьных учреждений в Калининградской области в 1946-1947 гг. |
| 504 | a | Библиография | Лит. в конце статьи | |
| 650 | a | Основная рубрика | история | |
| a | Основная рубрика | история образования | ||
| a | Основная рубрика | образование | ||
| a | Основная рубрика | общее образование (школьное образование) | ||
| a | Основная рубрика | общеобразовательная школа | ||
| 653 | 1_ | a | Ключевые слова | XX век |
| a | Ключевые слова | внутренняя политика | ||
| a | Ключевые слова | Калининград | ||
| a | Ключевые слова | образовательная политика | ||
| a | Ключевые слова | Россия | ||
| a | Ключевые слова | советский период | ||
| a | Ключевые слова | средняя школа | ||
| a | Ключевые слова | СССР | ||
| a | Ключевые слова | численность учащихся | ||
| 773 | 0_ | t | Заглавие источника | Вопросы истории |
| d | Дата издания источника | 2007 | ||
| g | Прочая информация | № 1. - С. 145 - 148 | ||
| w | Контрольный № источника | RU/IS/BASE/222876244 | ||
| 901 | t | Тип документа | b |